| 000 | 00370nam a2200157Ia 4500 | ||
|---|---|---|---|
| 003 | GCL | ||
| 008 | 140319s9999 xx 000 0 ara d | ||
| 040 |
_aGCL / _cGCL |
||
| 082 | 0 | 4 |
_aد _b050 |
| 100 | 1 | _aحسن رجب | |
| 245 | 1 | 0 |
_aالبردى (اقرا 463 ) / _cحسن رجب |
| 300 | _a179 | ||
| 490 |
_aاقرأ _v0 |
||
| 650 | 0 | 4 | _aالبردى |
| 942 |
_2ddc _cBK |
||
| 999 |
_c48606 _d48606 |
||